Presidentes de Francia - Estadísticas

Estadísticas generales
  • Esta prueba ha sido intentada 133 veces
  • La puntuación promedio es 7 de 25
Estadísticas de respuestas
República Mandato Presidente % Correcto
Quinta 2017– Emmanuel Macron
96%
Quinta 1959–1969 Charles de Gaulle
82%
Quinta 2007–2012 Nicolas Sarkozy
76%
Quinta 2012–2017 François Hollande
72%
Quinta 1981–1995 François Mitterrand
64%
Quinta 1995–2007 Jacques Chirac
56%
Segunda 1848–1852 Louis–Napoléon Bonaparte
54%
Quinta 1969–1974 Georges Pompidou
44%
Quinta 1974–1981 Valéry Giscard d'Estaing
39%
Tercera 1871–1873 Adolphe Thiers
15%
Cuarta 1954–1959 René Coty
13%
Tercera 1873–1879 Patrice de Mac Mahon
12%
Tercera 1887–1894 Marie François Sadi Carnot
11%
Tercera 1932–1940 Albert Lebrun
9%
Tercera 1920–1924 Alexandre Millerand
7%
Tercera 1879–1887 Jules Grévy
7%
Tercera 1913–1920 Raymond Poincaré
7%
Tercera 1924–1931 Gaston Doumergue
6%
Tercera 1931–1932 Paul Doumer
6%
Cuarta 1947–1954 Vincent Auriol
6%
Tercera 1895–1899 Félix Faure
5%
Tercera 1920 Paul Deschanel
5%
Tercera 1894–1895 Jean Casimir-Perier
4%
Tercera 1906–1913 Armand Fallières
3%
Tercera 1899–1906 Émile Loubet
3%
No se encontraron pruebas coincidentes
Distribución de puntuación
Porcentaje de gente con cada puntuación
Porcentaje por número respondido
Historial de tus puntuaciones
No has intentado esta prueba.